| 000 | 00628nam a22001697a 4500 | ||
|---|---|---|---|
| 003 | MACL | ||
| 005 | 20160723133442.0 | ||
| 008 | 160723b xxu||||| |||| 00| 0 eng d | ||
| 040 | _cMACL | ||
| 041 | _aHindi | ||
| 082 | _a333 KUS | ||
| 100 |
_aकुशवाहा, रमेश _964682 |
||
| 245 |
_aमानव स्वास्थ्य एवं पर्यावरण चुनौतियॉ _cरमेश कुशवाहा |
||
| 260 |
_aनई दिल्ली _bरोहित पब्लिकेशन्स _c2013 |
||
| 650 |
_aपर्यावरण _936465 |
||
| 942 |
_2ddc _cHIN |
||
| 999 |
_c54786 _d54786 |
||